Les nations européennes qui cumulent le plus de finales (Coupe du monde + Euro) - Statistiques

Statistiques générales
  • Ce quiz a été pris 419 fois
  • Le résultat moyen est 14 sur 15
Statistiques - réponses
Nombre de finales Année(s) Pays % Correct
14 1954,1966,1972,1974,1976,1980,1982,1986,1990,1992,1996,2002,2008,2014 Allemagne
100%
5 1964,1984,2008,2010,2012 Espagne
100%
5 1984,1998,2000,2006,2016 France
100%
9 1934,1938,1968,1970,1982,1994,2000,2006,2012 Italie
99%
2 2004,2016 Portugal
98%
1 1966 Angleterre
96%
4 1974,1978,1988,2010 Pays-Bas
96%
4 1960,1964,1972,1988 Russie
95%
1 2004 Grèce
94%
1 1958 Suède
91%
2 1960,1968 Yougoslavie
88%
1 1992 Danemark
87%
1 1980 Belgique
86%
2 1938,1954 Hongrie
85%
4 1934,1962,1976,1996 République tchèque
83%
Aucun quiz correspondant
Distribution des résultats
% des personnes avec chaque résultat
Percentile par nombre de réponses
Votre historique - résultats
Vous n’avez pas pris ce quiz